Fan, blogueros y videojuegos. La cultura de la colaboración.
Saved in:
| Hovedforfatter: | |
|---|---|
| Format: | Bog |
| Udgivet: |
Barcelona, España:
Paidós,
2009.
|
| Udgivelse: | 1ª edición. |
| Serier: | Paidós Comunicación ;
|
| Fag: | |
| Tags: |
Tilføj Tag
Ingen Tags, Vær først til at tagge denne postø!
|
MARC
| LEADER | 00000nam a22000007a 4500 | ||
|---|---|---|---|
| 003 | CL-VaPUC | ||
| 005 | 20250321101935.0 | ||
| 008 | 250127t2009 ||||| |||| 00| 0 eng d | ||
| 999 | |c 446844 |d 446842 | ||
| 020 | |a 978-84-493-2258-7 | ||
| 040 | |c Pontificia Universidad Católica de Valparaíso | ||
| 082 | 7 | |a 302.23 JEN 2009 |2 22 | |
| 100 | 1 | |a Jenkins, Henry |e autor |9 895900 | |
| 245 | |a Fan, blogueros y videojuegos. |b La cultura de la colaboración. | ||
| 250 | |a 1ª edición. | ||
| 260 | |a Barcelona, España: |b Paidós, |c 2009. | ||
| 300 | |a 333 páginas. | ||
| 490 | |a Paidós Comunicación ; |n 180. | ||
| 500 | |a c.1-c.2.Instituto Arcos 8-1-2025. | ||
| 583 | |c 20250127 |k GC | ||
| 650 | |a Medios de comunicación |x Audiencias |9 895901 | ||
| 650 | |a Medios de comunicación |x Fans |9 895902 | ||
| 942 | |2 ddc |c BK |n 0 | ||
| 952 | |0 0 |1 0 |2 ddc |4 0 |6 302_230000000000000_JEN_2009 |7 0 |8 A |9 600009 |a BIBINC |b BIBINC |d 2025-01-27 |e Instituto Arcos |i 5664971 |o 302.23 JEN 2009 |p 5664971 |r 2025-01-27 |t 1 |w 2025-01-27 |y BK |k IFP | ||
| 952 | |0 0 |1 0 |2 ddc |4 0 |6 302_230000000000000_JEN_2009 |7 0 |8 A |9 600164 |a BIBINC |b BIBINC |d 2025-01-27 |e Instituto Arcos |i 5665061 |o 302.23 JEN 2009 |p 5665061 |r 2025-01-30 |t 2 |w 2025-01-27 |y BK |k IFP | ||